| 000 | 00809nam a22002177a 4500 | ||
|---|---|---|---|
| 999 |
_c14954 _d14954 |
||
| 003 | AR-CdUCM | ||
| 008 | 190416b ||||| |||| 00| 0 spa d | ||
| 020 | _a958-04-5042-0 | ||
| 040 |
_aMUNICIPALIDAD PROVINCIAL DEL CUSCO _cBIBLIOTECA MUNICIPAL DEL CUSCO |
||
| 082 |
_aEP / 803 / _bN55 |
||
| 100 |
_aNiebisch, Jackie. _933937 |
||
| 245 |
_aLa escuela de los vampiritos : _bEl falso vampirito / |
||
| 260 |
_aColombia : _bGrupo editorial Norma, _c2002. |
||
| 300 |
_a158 paginas ; _c19 cm. |
||
| 440 |
_aColección torre de papel azul. _932496 |
||
| 505 | _aContenido :Un embrollo vampireco -- Maestro vampiro, soltero -- En la dentisterÃa -- Prohibido pescar -- La piel del hombre lobo ... | ||
| 650 |
_aCuentos _9217 |
||
| 650 |
_aHistorietas _910786 |
||
| 942 |
_2ddc _cLIBROS |
||
| 945 |
_arum _d2019-04-25 |
||